| 000 | 01288 a2200241 4500 | ||
|---|---|---|---|
| 001 | 63035 | ||
| 005 | 20260407155925.0 | ||
| 008 | 260407a1990 arg spa d | ||
| 003 | AR-UNSa-BCEJYS | ||
| 040 |
_aAR-UNSa-BCEJYS _bspa _cAR-UNSa-BCEJYS |
||
| 080 |
_a37.015.4 _xSociología de la educación |
||
| 245 | 1 | 0 |
_aEl nivel educativo sube _pRefutación de una antigua idea sobre la pretendida decadencia de nuestras escuelas |
| 020 | _a978-84-7112-343-5 | ||
| 264 | 1 |
_aMadrid : _bEdiciones Morata _c1990 |
|
| 300 |
_a167 p. _c21 cm. |
||
| 505 | _a1. Desde hace cuatro mil años caían en el abismo - 2. Medidas difíciles - 3. El crecimiento de los títulos - 4. La mejora de las calificaciones - 5. Los progresos de los rendimientos - 6. Obras consagradas - 7. El nivel alto, un nivel controlado - 8. Elitismo: ¿Dice usted republicano? - 9. Un centro poco centrado - 10. triunfar en el LEP - 11. El difícil acceso a los conocimientos básicos - 12. El nivel, historia de una palabra - 13. El bachillerato o la institución del nivel - 14. El nivel, un organizador social - 15. Por un SMIC cultural - | ||
| 041 | _aspa | ||
| 942 | _cBK | ||
| 590 | _aniveau_biblio:m niveau_hierar:0 | ||
| 100 | 1 | _aBaudelot, Christian | |
| 700 | 1 | _aEstablet, Roger | |
| 700 | 1 | _aSolana, Guillermo | |
| 999 |
_c7936 _d7936 |
||